|
|
|
|
| LEADER |
01492cam a2200469 a 4500 |
| 001 |
nkc20132508051 |
| 003 |
CZ PrNK |
| 005 |
20150601152117.0 |
| 007 |
ta |
| 008 |
131004s2013 xr a e 000 0 cze d |
| 015 |
|
|
|a cnb002508051
|
| 020 |
|
|
|a 978-80-256-1157-9
|q (váz.)
|
| 035 |
|
|
|a (OCoLC)870287180
|
| 040 |
|
|
|a ULG001
|b cze
|d OLA001
|d ABA001
|
| 041 |
1 |
|
|a cze
|h ger
|
| 072 |
|
7 |
|a 641
|x Kuchařství. Potraviny. Vařená jídla
|2 Konspekt
|9 19
|
| 080 |
|
|
|a 641.85:664.683/.684
|2 MRF
|
| 080 |
|
|
|a 664.143
|2 MRF
|
| 080 |
|
|
|a (083.12)
|2 MRF
|
| 245 |
0 |
0 |
|a Košíčky a muffiny
|
| 250 |
|
|
|a 1. české vyd.
|
| 260 |
|
|
|a Praha :
|b Svojtka & Co.,
|c 2013
|
| 300 |
|
|
|a 240 s. :
|b barev. il. ;
|c 16 cm
|
| 490 |
1 |
|
|a Malá sladká edice
|
| 500 |
|
|
|a Z německého vyd. přeložil Michal Babor
|
| 500 |
|
|
|a Obsahuje rejstřík
|
| 650 |
0 |
7 |
|a cupcaky
|7 ph873523
|2 czenas
|
| 650 |
0 |
7 |
|a mufiny
|7 ph122537
|2 czenas
|
| 650 |
0 |
7 |
|a cukrářské výrobky
|7 ph119266
|2 czenas
|
| 650 |
0 |
9 |
|a cupcakes
|2 eczenas
|
| 650 |
0 |
9 |
|a muffins
|2 eczenas
|
| 650 |
0 |
9 |
|a confectionery
|2 eczenas
|
| 655 |
|
7 |
|a kuchařské recepty
|7 fd132687
|2 czenas
|
| 655 |
|
9 |
|a cookbooks
|2 eczenas
|
| 700 |
1 |
|
|a Babor, Michal
|7 xx0016517
|4 trl
|
| 765 |
0 |
|
|t Cupcakes & Muffins
|9 Česky
|
| 830 |
|
0 |
|a Malá sladká edice
|0 s
|
| 910 |
2 |
|
|a BOA001
|b 1-1316.415
|
| 990 |
|
|
|a BK
|
| 995 |
|
|
|a 01
|
| 991 |
|
|
|b 201402
|c NOV
|e n
|
| 996 |
6 |
|
|b 2610575853
|c 1-1316.415
|l MZK
|r Sklad / do 1 hodiny
|n 4
|p p.v.
|w 001392868
|u 000010
|a 1
|e BOA001
|j MZK50
|s P
|